| 000 | 00571cam a2200133 4500500 | ||
|---|---|---|---|
| 005 | 20260111145841.0 | ||
| 041 | _afre | ||
| 042 | _adc | ||
| 245 | 0 | 0 | _aAnne Gotman, Louis Assier-Andrieu (sous la dir. de), Ville et hospitalité. Les municipalités et leurs « étrangers », Paris, Maison des sciences de l’homme, 2004, 492 pages |
| 260 | _c2005. | ||
| 500 | _a5 | ||
| 786 | 0 | _nEthnologie française | 35 | 2 | 2005-06-01 | p. 355g-371g | 0046-2616 | |
| 856 | 4 | 1 | _uhttps://shs.cairn.info/revue-ethnologie-francaise-2005-2-page-355g?lang=fr&redirect-ssocas=7080 |
| 999 |
_c1636543 _d1636543 |
||